| 000 | 00554cam a2200169 4500 | ||
|---|---|---|---|
| 020 | _a0070941513 | ||
| 082 | 0 | 0 |
_a621.381 _bALL _cL-11, P-25 |
| 100 | 1 |
_aAllison, John. _941508 |
|
| 245 | 1 | 0 | _aElectronic engineering materials and devices. |
| 260 |
_aLondon, _aNew York, _bMcGraw-Hill _c[1971] |
||
| 300 |
_axii, 302 p. _billus. _c24 cm. |
||
| 490 | 0 | _aEuropean electrical and electronic engineering series | |
| 526 |
_a0 _b0 _c0 _d621_381000000000000_ALL |
||
| 650 | 0 |
_aElectronics _xMaterials. _941509 |
|
| 650 | 0 |
_aSemiconductors. _911016 |
|
| 942 |
_2ddc _cBK |
||
| 999 |
_c545600 _d545600 |
||